Quality Control (Record no. 353096)

MARC details
000 -LEADER
fixed length control field 00433nam a2200169Ia 4500
008 - FIXED-LENGTH DATA ELEMENTS--GENERAL INFORMATION
fixed length control field 230718s9999 xx 000 0 und d
020 ## - INTERNATIONAL STANDARD BOOK NUMBER
International Standard Book Number 9788126519071
041 ## - LANGUAGE CODE
Language code of text/sound track or separate title eng
082 ## - DEWEY DECIMAL CLASSIFICATION NUMBER
Classification number 658.1
Item number KUL
100 ## - MAIN ENTRY--PERSONAL NAME
Personal name Kulkarni V.A.
245 ## - TITLE STATEMENT
Title Quality Control
260 ## - PUBLICATION, DISTRIBUTION, ETC. (IMPRINT)
Date of publication, distribution, etc. 2012
Name of publisher, distributor, etc. Wiley
300 ## - PHYSICAL DESCRIPTION
Extent 373
365 ## - TRADE PRICE
Currency code Rs.
Price amount 709.00
700 ## - ADDED ENTRY--PERSONAL NAME
Personal name Kulkarni V.A. & Bewoor A.K.
906 ## - LOCAL DATA ELEMENT F, LDF (RLIN)
d O:0767329-Nov-2022B:11729-Nov-2022
c TM
b 1063.5
Holdings
Withdrawn status Lost status Damaged status Not for loan Home library Current library Date acquired Vendor Budget Code Cost, normal purchase price Bill number Total Checkouts Full call number Barcode Date last seen Date last checked out Discount Cost, replacement price Bill Date Koha item type Original Barcode
        Cummins College of Engineering for Women Pune Cummins College of Engineering for Women Pune 29/11/2022 Om Book Stall TM 531.75 117 7 658.1 CCEP-BK-64307 01/12/2025 14/11/2025 1063.5 709.00 29/11/2022 Books 064307